Resource partitioning in six guilds of dung-inhabiting beetles (coleoptera) (Registro nro. 13208)

Detalles MARC
000 -CABECERA
Campo de control 004030000a22001330004500
090 ## - CLASIFICACIÓN LOCAL
Colección AR
Consecutivo 04110
041 0# - IDIOMA
Código de idioma para texto/pista de sonido o título separado
100 1# - ASIENTO PRINCIPAL--NOMBRE PERSONAL
Nombre personal Hanski, Ilkka
245 10 - MENCION DE TITULO
Título Resource partitioning in six guilds of dung-inhabiting beetles (coleoptera)
500 ## - NOTA GENERAL
Nota general <Literatura de escarabajos coprófagos>
700 1# - ASIENTO SECUNDARIO - NOMBRE PERSONAL
Nombre personal Koskela, Hannu
773 1# - Item fuente:
Título Ann. Ent. Fenn
Descripción física 1
Paginas del Articulo 1-12
Lugar, editorial y fecha de publicación 1979
Información sobre la relación 45
942 ## - ELEMENTOS ADICIONALES (KOHA)
Tipo de ítem Artículo
Existencias
Withdrawn status Lost status Damaged status No para préstamo Colección Ubicación Permanente Ubicación actual Fecha de adquisición Fuente de Valor Datos de publicación Seriada Total Checkouts Número topográfico Inventario / Código de Barras Date last seen Ejemplar Price effective from Forma de adquisición Tipo de material
      No para Préstamo Hemeroteca Bogotá Bogotá 25/10/2006 Trujillo, Diego Fuera de circulación   AR 04110 023525 25/03/2015 1 25/03/2015   Artículo